Nursing practice and health care / (Record no. 5815)
[ view plain ]
| 000 -LEADER | |
|---|---|
| fixed length control field | 00634nam a2200217 4500 |
| 003 - CONTROL NUMBER IDENTIFIER | |
| control field | OSt |
| 005 - DATE AND TIME OF LATEST TRANSACTION | |
| control field | 20170405154653.0 |
| 008 - FIXED-LENGTH DATA ELEMENTS--GENERAL INFORMATION | |
| fixed length control field | 170405b xxu||||| |||| 00| 0 eng d |
| 020 ## - INTERNATIONAL STANDARD BOOK NUMBER | |
| International Standard Book Number | 0340411260 |
| 040 ## - CATALOGING SOURCE | |
| Transcribing agency | 040a |
| 082 ## - DEWEY DECIMAL CLASSIFICATION NUMBER | |
| Classification number | WY 101 |
| Item number | N1937 1992 |
| 245 ## - TITLE STATEMENT | |
| Title | Nursing practice and health care / |
| Statement of responsibility, etc. | Susan M. Hinchliff, Susan E Norman, Jane E Schober |
| 260 ## - PUBLICATION, DISTRIBUTION, ETC. (IMPRINT) | |
| Place of publication, distribution, etc. | London |
| Name of publisher, distributor, etc. | Edward Arnold |
| Date of publication, distribution, etc. | 1992 |
| 300 ## - PHYSICAL DESCRIPTION | |
| Extent | viii, 741p; |
| Other physical details | ill : |
| Dimensions | 28 cm. |
| 504 ## - BIBLIOGRAPHY, ETC. NOTE | |
| Bibliography, etc | Includes index |
| 650 ## - SUBJECT ADDED ENTRY--TOPICAL TERM | |
| Topical term or geographic name as entry element | Nursing |
| 9 (RLIN) | 135 |
| 700 ## - ADDED ENTRY--PERSONAL NAME | |
| Personal name | Hinchliff, Susan M. |
| 9 (RLIN) | 12077 |
| 700 ## - ADDED ENTRY--PERSONAL NAME | |
| Personal name | Norman, Susan E. |
| 9 (RLIN) | 12078 |
| 700 ## - ADDED ENTRY--PERSONAL NAME | |
| Personal name | Schober, Jane E. |
| 9 (RLIN) | 12079 |
| 942 ## - ADDED ENTRY ELEMENTS (KOHA) | |
| Source of classification or shelving scheme | Other/Generic Classification Scheme |
| Koha item type | Open Shelf |
| Withdrawn status | Lost status | Source of classification or shelving scheme | Damaged status | Not for loan | Home library | Current library | Date acquired | Source of acquisition | Inventory number | Total Checkouts | Full call number | Barcode | Date last seen | Price effective from | Koha item type |
|---|---|---|---|---|---|---|---|---|---|---|---|---|---|---|---|
| Other/Generic Classification Scheme | MUST Main Library | MUST Main Library | 05/04/2017 | 1997/10678 | WY 101 N1937 1992 | 2017-0758 | 05/04/2017 | 05/04/2017 | Open Shelf |
